Last Country 'Stan'-ding Quiz Stats

 Plays Quiz Updated Mar 28, 2019

Score 0/25 Timer 02:00
4 Plays Today
Capital -STAN % Correct
-STANAfghanistan
94.1%
-STANPakistan
93.6%
-ANJapan
91.8%
-ANIran
88.2%
-NSpain
84.5%
-NSweden
84.3%
-STANKazakhstan
84.3%
-STANTurkmenistan
84.2%
-STANUzbekistan
83.9%
-ANTaiwan
78.9%
-STANTajikistan
77.9%
-STANKyrgyzstan
75.8%
-ANOman
73.5%
Capital -STAN % Correct
-NLebanon
70.5%
-TANBhutan
69.7%
-ANJordan
64.6%
-ANAzerbaijan
64.2%
-ANSudan
62.1%
-NYemen
56.2%
-ANSouth Sudan
54.4%
-NLiechtenstein
49.9%
-NCameroon
37.5%
-NBahrain
36.7%
-NGabon
36.2%
-NBenin
36.1%

You're not logged in!

Compare scores with friends on all Sporcle quizzes.
OR
Log In

Sporcle TV

Today on Sporcle TV


Watch our educational content, quiz creation guides, and fun videos on Sporcle TV.

Show Comments

Extras

Top Quizzes Today


Score Distribution

Your Account Isn't Verified!

In order to create a playlist on Sporcle, you need to verify the email address you used during registration. Go to your Sporcle Settings to finish the process.

Report this User

Report this user for behavior that violates our Community Guidelines.

Details: